Województwa według powiatów - Statystyki

Ogólne statystyki
  • Ten quiz został rozwiązany 20 razy
  • Średni wynik to 15 z 16
Statystyki odpowiedzi
Powiat Województwo % Poprawnych
Parczewski Lubelskie
100%
Sochaczewski Mazowieckie
100%
Wejherowski Pomorskie
100%
Bolesławiecki Dolnośląskie
95%
Aleksandrowski Kujawsko-Pomorskie
95%
Mikołowski Śląskie
95%
Szczycieński Warmińsko-Mazurskie
95%
Pajęczański Łódzkie
89%
Gorlicki Małopolskie
89%
Moniecki Podlaskie
89%
Ostrowiecki Świętokrzyskie
89%
Wrzesiński Wielkopolskie
89%
Choszczeński Zachodniopomorskie
89%
Sulęciński Lubuskie
84%
Kluczborski Opolskie
84%
Leżajski Podkarpackie
84%
Nie znaleziono quizów pasujących do podanych kryteriów
Rozkład punktacji
Procent ludzi z każdym wynikiem
Percentyl według liczby udzielonych odpowiedzi
Twoja historia wyników
Nie rozwiązałeś tego quizu